Исследовать возможность использования твердых отходов и сточных вод от локальной очистки производства полипропилена на Томском химзаводе; Использование твердых отходов производства полипропилена для очистки сточных вод: Промежуточный отчет о НИР; Тема : х/д 5-11/82

מידע ביבליוגרפי
מחבר תאגידי: Томский политехнический институт (ТПИ) (595)
מחברים אחרים: Бабенко С. А. (руководитель), Шваб Н. С. (исполнитель)
שפה:רוסית
יצא לאור: Томск, 1983
נושאים:
פורמט: ספר
KOHA link:https://koha.lib.tpu.ru/cgi-bin/koha/opac-detail.pl?biblionumber=156094

MARC

LEADER 00000nbm0a2200000 4500
001 156094
005 20231031152909.0
029 0 0 |a SU  |b 0182023271  |f ТПУ 
035 |a (RuTPU)RU\TPU\book\169294 
035 |a RU\TPU\book\167600 
090 |a 156094 
100 |a 20090323d1983 k y0rusy50 ca 
101 0 |a rus 
102 |a RU 
105 |a a p 001zy 
200 1 |a Исследовать возможность использования твердых отходов и сточных вод от локальной очистки производства полипропилена на Томском химзаводе  |a Использование твердых отходов производства полипропилена для очистки сточных вод  |e Промежуточный отчет о НИР  |e Тема : х/д 5-11/82  |f Томский политехнический институт (ТПИ) ; руководитель С. А. Бабенко ; Н. С. Шваб 
210 |a Томск  |d 1983 
215 |a 47 л. 
320 |a Библиогр.: с. 47. 
610 1 |a отчеты о НИР 
610 1 |a твердые отходы 
610 1 |a полипропилен 
610 1 |a локальная очистка 
610 1 |a Томский химзавод 
610 1 |a утяжелители 
610 1 |a сорбенты 
610 1 |a сточные воды 
610 1 |a атактический полипропилен 
610 1 |a набухание 
675 |a 628.543(04)  |v 3 
702 1 |a Бабенко  |b С. А.  |4 673 
702 1 |a Шваб  |b Н. С.  |4 677 
712 0 2 |a Томский политехнический институт (ТПИ)  |c (1944-1991)  |2 stltpush  |3 (RuTPU)RU\TPU\col\1123  |4 595 
801 1 |a RU  |b 63413507  |c 20090228  |g PSBO 
801 2 |a RU  |b 63413507  |c 20090325  |g PSBO 
942 |c BK